Principles of harmonic analysis (Record no. 751228)

MARC details
000 -LEADER
fixed length control field 00466nam a22001817a 4500
020 ## - INTERNATIONAL STANDARD BOOK NUMBER
ISBN 9781071646328
100 ## - MAIN ENTRY--AUTHOR NAME
Personal name Deitmar, Anton
245 ## - TITLE STATEMENT
Title Principles of harmonic analysis
260 ## - PUBLICATION, DISTRIBUTION, ETC. (IMPRINT)
Place of publication New York
Name of publisher Springer
Year of publication 2025
300 ## - PHYSICAL DESCRIPTION
Number of Pages xv+333
490 ## - SERIES STATEMENT
Series statement Universitext
650 ## - SUBJECT ADDED ENTRY--TOPICAL TERM
Topical Term Topology
650 ## - SUBJECT ADDED ENTRY--TOPICAL TERM
Topical Term Wavelets
650 ## - SUBJECT ADDED ENTRY--TOPICAL TERM
Topical Term Functional analysis
700 ## - ADDED ENTRY--PERSONAL NAME
Personal name Echterhoff, Siegfried
942 ## - ADDED ENTRY ELEMENTS (KOHA)
Source of classification or shelving scheme Dewey Decimal Classification
Koha item type Book
Holdings
Withdrawn status Lost status Source of classification or shelving scheme Damaged status Not for loan Collection code Home Library Current Location Shelving location Date acquired Source of acquisition Full call number Accession Number Price effective from Koha item type
    Dewey Decimal Classification     Gift or donation Dept. of Mathematics Dept. of Mathematics General Stacks 10/09/2025 032/NBHM 0038 (Gift from NBHM) 515.2433 DEI-P MATG181 10/09/2025 Book